Statistiques concernant Harry Potter questions #1

Cliquez ici pour prendre le quiz!

Statistiques générales

  • Ce quiz a été pris 85 fois
  • Le résultat moyen est 6 sur 10

Statistiques - réponses

QuestionRéponse% Correct
Par qui est jouée Luna Lovegood ?Evanna Lynch
89%
Quel fruit faut-il chatouiller pour entrer dans les cuisines ?Poire
79%
A qui appartient ce vrai prenom : WILLIAMBill Weasley
76%
Oreille(s) que George a perduGauche
70%
Les Weasley dans l'ordreBill, Charlie, Percy, Fred, George, Ron, Ginny
68%
Comment s'appelle l'elfe d'Hepzibah SmithHokey
59%
Les maraudeurs dans l'ordreMessieurs Lunard, Queudver, Patmol et Cornedrue
59%
Année de la défaite de Grindelwald contre Dumbledore1945
52%
A qui appartient ce Patronus : HERMINEDrago Malefoy
32%
Le vrai prenom de GinnyGinevra
31%

Distribution des résultats

Percentile par nombre de réponses

% des personnes avec chaque résultat

Votre développement - résultats

Vous n’avez pas pris ce quiz